000 00479nam a2200193Ia 4500
008 151121s9999||||xx |||||||||||||| ||und||
082 _a300/ROY
082 _bHNW-36006
100 _aRoy M। N।
245 _aMy Experiences In China
260 _b"Renaissance Pub।, Bombay।"
260 _c--
300 _a97
600 _aRoy M। N।
630 _aMy Experiences In China
700 _aRoy M। N।
730 _aMy Experiences In China
942 _cBOOK
999 _c1228193
_d1228190